000 00455nam a2200157 i 4500
001 68174
003 ES-MaACL
005 20230906170222.0
007 t|
008 040610s1960 sp ||||1| spa d
100 1 _aGaray-Gordovil y Gil, Lucs.
_953946
245 1 0 _aDesilusión
_b: novela /
_cLucs Garay-Gordovil y Gil.
260 _a[Vitoria :
_bs.n.,
_c1960] (
_fGráficas Vitoria)
300 _a199 p. ;
_c24 cm.
852 _aES-MaACL
_jC-19158
_bR.45486
999 _c68174
_d68174